LEADER 01975nam 2200397 450 001 996255347903316 005 20221202142536.0 035 $a(CKB)3810000000156469 035 $a(NjHacI)993810000000156469 035 $a(EXLCZ)993810000000156469 100 $a20221202d2012 uy 0 101 0 $ager 135 $aur||||||||||| 181 $ctxt$2rdacontent 182 $cc$2rdamedia 183 $acr$2rdacarrier 200 00$aGeschichte der Altertumswissenschaften $eBiographisches Lexikon /$fPeter Kuhlmann, Helmuth Schneider (Hrsg.) 210 1$aStuttgart :$cJ.B. Metzler,$d[2012] 210 4$dİ2012 215 $a1 online resource (lxii, 1357 pages) 225 1 $aDer Neue Pauly Supplemente I ;$vBand 6 300 $aIncludes index. 330 $aDie Geschichte der Altertumswissenschaften in 750 Gelehrtenviten seit dem 14. Jahrhundert. Sie haben unsere Kenntnis der Antike entscheidend gepra?gt: Gelehrte aus Philologie, Archa?ologie und Alter Geschichte, Vertreter der Epigraphik, Numismatik, Papyrologie, A?gyptologie und Altorientalistik, Philosophen, Ethnologen, Sozialwissenschaftler, Kunsthistoriker, Sammler und Schriftsteller. Neben der Biographie, dem Werdegang und den Werken der einzelnen Wissenschaftler werden auch die sozialen, politischen und kulturellen Kontexte beleuchtet. Die Darstellungen der Lebensla?ufe konzentrieren sich auf die Leistungen fu?r das antike Fach und bu?ndeln das aktuelle Forschungswissen - ein fundiertes Kompendium der Wissenschaftsgeschichte der Antike. 410 0$aNeue Pauly.$pSupplemente ;$vBand 6. 517 $aNeue Pauly Supplemente I Online - Band 6 606 $aArchaeologists$vBiography 615 0$aArchaeologists 676 $a930.10922 702 $aKuhlmann$b Peter 702 $aSchneider$b Helmuth 801 0$bNjHacI 801 1$bNjHacl 906 $aBOOK 912 $a996255347903316 996 $aGeschichte der Altertumswissenschaften$92993904 997 $aUNISA LEADER 02383oam 2200601 450 001 9910711958603321 005 20190607130721.0 035 $a(CKB)5470000002488505 035 $a(OCoLC)1044691441 035 $a(EXLCZ)995470000002488505 100 $a20180713d2015 ua 0 101 0 $aeng 135 $aur||||||||||| 181 $ctxt$2rdacontent 182 $cc$2rdamedia 183 $acr$2rdacarrier 200 10$aAirborne electromagnetic and magnetic survey data of the Paradox and San Luis Valleys, Colorado /$fby Lyndsay B. Ball [and four others] 210 1$aReston, Virginia :$cU.S. Department of the Interior, U.S. Geological Survey,$d2015. 215 $a1 online resource (iv, 19 pages) $ccolor illustrations, color maps 225 1 $aOpen-file report,$x2331-1258 ;$v2015-1024 300 $a"Prepared in cooperation with U.S. Bureau of Reclamation and National Park Service." 300 $aAlso available online in PDF format from the U.S. Geological Survey (http://pubs.er.usgs.gov/). 320 $aIncludes bibliographical references (pages 18-19). 606 $aGeophysical surveys$zColorado 606 $aAerial surveys$zColorado 606 $aGeomagnetism$zColorado$xRemote sensing$vObservations 606 $aHydrogeology$zColorado$xRemote sensing$vObservations 606 $aGeomagnetism$xRemote sensing$2fast 606 $aHydrogeology$xRemote sensing$2fast 607 $aSan Luis Valley (Colo. and N.M.)$xEnvironmental conditions$xRemote sensing$vObservations 607 $aColorado$2fast 607 $aUnited States$zSan Luis Valley$2fast 608 $aObservations.$2fast 615 0$aGeophysical surveys 615 0$aAerial surveys 615 0$aGeomagnetism$xRemote sensing 615 0$aHydrogeology$xRemote sensing 615 7$aGeomagnetism$xRemote sensing. 615 7$aHydrogeology$xRemote sensing. 700 $aBall$b Lyndsay B.$01383852 712 02$aGeological Survey (U.S.), 712 02$aUnited States.$bBureau of Reclamation. 712 02$aUnited States.$bNational Park Service. 801 0$bCOP 801 1$bCOP 801 2$bOCLCO 801 2$bOCLCA 801 2$bOCLCF 801 2$bGPO 906 $aBOOK 912 $a9910711958603321 996 $aAirborne electromagnetic and magnetic survey data of the Paradox and San Luis Valleys, Colorado$93520740 997 $aUNINA